[Event "Titled Tuesday intern op 21st May Early"]
[Site "Chess.com INT"]
[Date "2024.05.21"]
[Round "7"]
[White "Bilovil, Bogdan"]
[Black "Javakhadze, Zurab"]
[Result "0-1"]
[WhiteElo "2429"]
[BlackElo "2431"]
[PlyCount "58"]
[EventDate "2024.05.21"]
[EventType "swiss (blitz)"]
[EventRounds "11"]
[EventCountry "USA"]
[SourceTitle "CB22_2024"]
[SourceDate "2024.05.29"]
[SourceVersion "1"]
[SourceVersionDate "2024.05.29"]
[SourceQuality "1"]

1. e4 c5 2. Nf3 d6 3. d4 cxd4 4. Nxd4 Nf6 5. Nc3 g6 6. f3 Bg7 7. Be3 a6 8. Qd2 Nbd7 9. Bc4 b5 10. Bb3 Bb7 11. 0-0-0 Rc8 12. Rhe1 Qc7 13. Kb1 h5 14. Bg5 h4 15. f4 Rh5 16. a3 Nc5 17. Bd5 e6 18. Bxb7 Qxb7 19. Nf5 gxf5 20. Qxd6 Ncxe4 21. Nxe4 fxe4 22. Qd4 Qe7 23. Rxe4 Nxe4 24. Qxg7 Nxg5 25. fxg5 Qxg5 26. Qd4 Qd5 27. Qg4 Rg5 28. Qe2 Qxg2 29. Qd3 Rd5 0-1

[Event "Titled Tuesday intern op 21st May Early"]
[Site "Chess.com INT"]
[Date "2024.05.21"]
[Round "11"]
[White "Javakhadze, Zurab"]
[Black "Korobov, Anton"]
[Result "0-1"]
[WhiteElo "2431"]
[BlackElo "2651"]
[PlyCount "66"]
[EventDate "2024.05.21"]
[EventType "swiss (blitz)"]
[EventRounds "11"]
[EventCountry "USA"]
[SourceTitle "CB22_2024"]
[SourceDate "2024.05.29"]
[SourceVersion "1"]
[SourceVersionDate "2024.05.29"]
[SourceQuality "1"]

1. e4 c5 2. Nf3 d6 3. c3 Nf6 4. Bd3 g6 5. h3 Bg7 6. 0-0 0-0 7. Bc2 Nc6 8. Re1 e5 9. d4 exd4 10. cxd4 Re8 11. dxc5 dxc5 12. Nc3 Nb4 13. Ba4 Bd7 14. e5 Bxa4 15. Qxa4 Nfd5 16. Bg5 Qb6 17. Rad1 Qc6 18. Qxc6 bxc6 19. Na4 c4 20. a3 Nd3 21. Re4 Nb6 22. Nc3 Nxb2 23. Rb1 Nd3 24. Kf1 h6 25. Be3 Nxe5 26. Nxe5 Rxe5 27. Bxb6 axb6 28. Rxc4 Rc5 29. Rxc5 bxc5 30. Ne4 Bd4 31. Rc1 Rxa3 32. Nxc5 Ra2 33. Nd3 Rd2 0-1

[Event "Titled Tuesday intern op 21st May Early"]
[Site "Chess.com INT"]
[Date "2024.05.21"]
[Round "10"]
[White "Javakhadze, Zurab"]
[Black "Martic, Ivan"]
[Result "1-0"]
[WhiteElo "2431"]
[BlackElo "2279"]
[PlyCount "171"]
[EventDate "2024.05.21"]
[EventType "swiss (blitz)"]
[EventRounds "11"]
[EventCountry "USA"]
[SourceTitle "CB22_2024"]
[SourceDate "2024.05.29"]
[SourceVersion "1"]
[SourceVersionDate "2024.05.29"]
[SourceQuality "1"]

1. e4 d6 2. d4 Nf6 3. Nc3 e5 4. Nf3 Nbd7 5. Bc4 Be7 6. 0-0 0-0 7. a4 a6 8. Ba2 b6 9. dxe5 dxe5 10. Ne1 Bb7 11. f3 Bc5+ 12. Kh1 Nh5 13. Nd3 Bd4 14. Ne2 Qh4 15. c3 Bc5 16. Nxc5 Nxc5 17. Be3 Rad8 18. Qe1 Qxe1 19. Rfxe1 Nd3 20. Reb1 Bc6 21. Bc4 a5 22. g4 Nhf4 23. Nxf4 Nxf4 24. b3 Rd7 25. Rd1 Rfd8 26. Rxd7 Rxd7 27. Kg1 Kf8 28. Kf1 Ke7 29. Bxf4 exf4 30. Ke2 Kf6 31. h4 h6 32. Rg1 g5 33. Rh1 Kg7 34. hxg5 hxg5 35. Rh5 f6 36. Be6 Rd8 37. Rh1 Be8 38. Bf5 Bg6 39. Bxg6 Kxg6 40. Rd1 Rxd1 41. Kxd1 Kf7 42. Kd2 Ke6 43. Kd3 Kd6 44. Kc4 c6 45. b4 Kd7 46. bxa5 bxa5 47. Kc5 Kc7 48. c4 Kd7 49. Kb6 Kd6 50. c5+ Ke5 51. Kxc6 Kd4 52. Kd6 Ke3 53. c6 Kxf3 54. c7 Kxg4 55. c8Q+ Kg3 56. Qf5 f3 57. Qxf6 g4 58. Qe5+ Kg2 59. Qf4 g3 60. e5 f2 61. Qe4+ Kg1 62. Qe3 g2 63. e6 Kf1 64. e7 g1Q 65. e8Q Qh2+ 66. Q8e5 Qh7 67. Qf3 Qg6+ 68. Kc5 Qc2+ 69. Kb5 Qb1+ 70. Kxa5 Qe1+ 71. Qxe1+ Kxe1 72. Qxf2+ Kxf2 73. Kb6 Ke3 74. a5 Kd4 75. a6 Kd5 76. a7 Kd6 77. a8Q Kd7 78. Qc6+ Ke7 79. Kb5 Kf7 80. Kc5 Kg7 81. Kd5 Kh7 82. Ke5 Kg7 83. Kf5 Kf7 84. Qd7+ Kf8 85. Kg6 Kg8 86. Qg7# 1-0

[Event "Titled Tuesday intern op 21st May Early"]
[Site "Chess.com INT"]
[Date "2024.05.21"]
[Round "2"]
[White "Javakhadze, Zurab"]
[Black "Parfenov, Viktor N"]
[Result "1-0"]
[WhiteElo "2431"]
[BlackElo "2193"]
[PlyCount "57"]
[EventDate "2024.05.21"]
[EventType "swiss (blitz)"]
[EventRounds "11"]
[EventCountry "USA"]
[SourceTitle "CB22_2024"]
[SourceDate "2024.05.29"]
[SourceVersion "1"]
[SourceVersionDate "2024.05.29"]
[SourceQuality "1"]

1. e4 e6 2. b3 d5 3. Bb2 c5 4. Qe2 dxe4 5. Nc3 Nf6 6. Nxe4 Be7 7. 0-0-0 Nc6 8. Nf3 0-0 9. d4 cxd4 10. Nxd4 Qa5 11. Nxc6 bxc6 12. Nxf6+ Bxf6 13. Bxf6 gxf6 14. Qg4+ Qg5+ 15. Qxg5+ fxg5 16. h4 h6 17. Rd6 a5 18. hxg5 hxg5 19. Rxc6 a4 20. Kb2 axb3 21. axb3 Rd8 22. Bd3 Kg7 23. Rc7 Rd7 24. Rc5 f5 25. g4 Bb7 26. Rh5 Kg6 27. Rh3 Bg2 28. Re3 Bd5 29. gxf5+ 1-0

[Event "Titled Tuesday intern op 21st May Early"]
[Site "Chess.com INT"]
[Date "2024.05.21"]
[Round "9"]
[White "Tulchynskyi, Feliks"]
[Black "Javakhadze, Zurab"]
[Result "0-1"]
[WhiteElo "2233"]
[BlackElo "2431"]
[PlyCount "66"]
[EventDate "2024.05.21"]
[EventType "swiss (blitz)"]
[EventRounds "11"]
[EventCountry "USA"]
[SourceTitle "CB22_2024"]
[SourceDate "2024.05.29"]
[SourceVersion "1"]
[SourceVersionDate "2024.05.29"]
[SourceQuality "1"]

1. Nf3 d5 2. b3 c5 3. Bb2 Nc6 4. g3 f6 5. Bg2 e5 6. 0-0 Be6 7. e3 Qd7 8. d4 e4 9. Ne1 cxd4 10. exd4 h5 11. f3 f5 12. Nc3 Nf6 13. Ne2 Bd6 14. c3 h4 15. Bc1 hxg3 16. hxg3 Nh5 17. fxe4 fxe4 18. Bf4 Bxf4 19. gxf4 Bg4 20. Qd2 Bxe2 21. Qxe2 Ng3 22. Qe3 Nxf1 23. Kxf1 0-0-0 24. Rd1 Rdf8 25. Rd2 g5 26. Rf2 gxf4 27. Rxf4 Qg4 28. Rxf8+ Rxf8+ 29. Kg1 Ne7 30. c4 Nf5 31. Qc3 Qg3 32. Qb4 Qe3+ 33. Kh2 Rh8+ 0-1

[Event "Titled Tuesday intern op 02nd Apr Early"]
[Site "Chess.com INT"]
[Date "2024.04.02"]
[Round "11"]
[White "Galaktionov, Artem"]
[Black "Javakhadze, Zurab"]
[Result "1/2-1/2"]
[WhiteElo "2338"]
[BlackElo "2431"]
[PlyCount "138"]
[EventDate "2024.04.02"]
[EventType "swiss (blitz)"]
[EventRounds "11"]
[EventCountry "USA"]
[SourceTitle "CB15_2024"]
[SourceDate "2024.04.10"]
[SourceVersion "1"]
[SourceVersionDate "2024.04.10"]
[SourceQuality "1"]

1. d4 Nf6 2. Nf3 e6 3. c4 b6 4. g3 Bb7 5. Bg2 Bb4+ 6. Bd2 Bxd2+ 7. Qxd2 0-0 8. Nc3 d6 9. 0-0 Nbd7 10. Qc2 Qe7 11. e4 e5 12. d5 a5 13. a3 g6 14. b4 axb4 15. axb4 c6 16. Qb2 cxd5 17. cxd5 Rfc8 18. Nd2 Ne8 19. Rfc1 Qd8 20. Bh3 Rxa1 21. Rxa1 Ra8 22. Rc1 Ndf6 23. Nc4 Ba6 24. b5 Bc8 25. Bg2 Nd7 26. Ra1 Rxa1+ 27. Qxa1 Qc7 28. Bf1 Nc5 29. Qa8 Kf8 30. Qc6 Qd8 31. Nxb6 Bb7 32. Nd7+ Qxd7 33. Qb6 Qc7 34. Qa7 f5 35. b6 Qc8 36. exf5 gxf5 37. Bb5 Nf6 38. Bc6 Bxc6 39. dxc6 Qxc6 40. Qb8+ Ke7 41. Qh8 Qxb6 42. Qg7+ Ke6 43. Qxf6+ Kxf6 44. Nd5+ Ke6 45. Nxb6 d5 46. Kf1 Kd6 47. Ke2 Kc6 48. Nc8 Kd7 49. Nb6+ Kd6 50. Nc8+ Ke6 51. h3 d4 52. g4 e4 53. gxf5+ Kxf5 54. Nd6+ Kf4 55. Ne8 Nb3 56. Nf6 d3+ 57. Ke1 Kf3 58. Nxh7 d2+ 59. Kd1 Kxf2 60. Ng5 e3 61. Ne4+ Kf3 62. Nc3 Nc5 63. h4 Nd3 64. h5 Nf2+ 65. Kc2 e2 66. Kxd2 Ng4 67. Nxe2 Nh6 68. Nd4+ Kg4 69. Ne6 Kxh5 1/2-1/2

[Event "Titled Tuesday intern op 02nd Apr Early"]
[Site "Chess.com INT"]
[Date "2024.04.02"]
[Round "4"]
[White "Javakhadze, Zurab"]
[Black "Kopczynski, Michal"]
[Result "1-0"]
[WhiteElo "2431"]
[BlackElo "2225"]
[PlyCount "73"]
[EventDate "2024.04.02"]
[EventType "swiss (blitz)"]
[EventRounds "11"]
[EventCountry "USA"]
[SourceTitle "CB15_2024"]
[SourceDate "2024.04.10"]
[SourceVersion "1"]
[SourceVersionDate "2024.04.10"]
[SourceQuality "1"]

1. e4 b6 2. d4 Bb7 3. Nc3 e6 4. a3 Nf6 5. e5 Ne4 6. Nxe4 Bxe4 7. Nf3 c5 8. Bd3 Bxd3 9. Qxd3 cxd4 10. 0-0 Nc6 11. Bf4 Be7 12. Rad1 0-0 13. Nxd4 Qc8 14. Nf3 Rd8 15. Rfe1 Na5 16. Re4 Qc6 17. Rd4 Rac8 18. Rxd7 Rxd7 19. Qxd7 Qxc2 20. h3 Qc7 21. b4 Nc4 22. Bg5 Bxg5 23. Nxg5 Qxd7 24. Rxd7 Nxe5 25. Rxa7 h6 26. Ne4 Rc1+ 27. Kh2 Ra1 28. Nd6 f6 29. Nc8 Nc4 30. a4 Rb1 31. a5 Rxb4 32. a6 Ra4 33. Rc7 b5 34. a7 e5 35. Rb7 Kh7 36. Rxb5 Nb2 37. Rxb2 1-0

[Event "Titled Tuesday intern op 02nd Apr Early"]
[Site "Chess.com INT"]
[Date "2024.04.02"]
[Round "10"]
[White "Javakhadze, Zurab"]
[Black "Momin, Fayzan"]
[Result "1-0"]
[WhiteElo "2431"]
[BlackElo "1950"]
[PlyCount "75"]
[EventDate "2024.04.02"]
[EventType "swiss (blitz)"]
[EventRounds "11"]
[EventCountry "USA"]
[SourceTitle "CB15_2024"]
[SourceDate "2024.04.10"]
[SourceVersion "1"]
[SourceVersionDate "2024.04.10"]
[SourceQuality "1"]

1. e4 c5 2. Nf3 d6 3. Nc3 a6 4. g3 Nc6 5. Bg2 g6 6. 0-0 Bg7 7. d3 Rb8 8. Be3 e5 9. Nd2 Nge7 10. f4 0-0 11. h3 f5 12. fxe5 Nxe5 13. Nc4 Nxc4 14. dxc4 Be6 15. Qd3 Nc6 16. b3 fxe4 17. Nxe4 Bxa1 18. Rxa1 Ne5 19. Qc3 Nf3+ 20. Kh1 Qe7 21. Bh6 Nd4 22. Bxf8 Rxf8 23. Qd3 Bf5 24. c3 Bxe4 25. Bxe4 Nc6 26. Kg2 Kg7 27. Rd1 Rf6 28. Qd5 Re6 29. Bf3 h5 30. Rd2 Rf6 31. Re2 Qf7 32. Qxf7+ Kxf7 33. Bd5+ Kf8 34. b4 cxb4 35. cxb4 Nxb4 36. Bxb7 a5 37. Rd2 Ke7 38. a3 1-0

[Event "Titled Tuesday intern op 02nd Apr Early"]
[Site "Chess.com INT"]
[Date "2024.04.02"]
[Round "8"]
[White "Mekhitarian, Krikor Sevag"]
[Black "Javakhadze, Zurab"]
[Result "0-1"]
[WhiteElo "2554"]
[BlackElo "2431"]
[PlyCount "76"]
[EventDate "2024.04.02"]
[EventType "swiss (blitz)"]
[EventRounds "11"]
[EventCountry "USA"]
[SourceTitle "CB15_2024"]
[SourceDate "2024.04.10"]
[SourceVersion "1"]
[SourceVersionDate "2024.04.10"]
[SourceQuality "1"]

1. Nf3 Nf6 2. c4 b6 3. Nc3 Bb7 4. d4 e6 5. e3 Be7 6. Bd3 d5 7. cxd5 exd5 8. 0-0 0-0 9. Bd2 Nbd7 10. Ne5 c5 11. f4 a6 12. Be1 c4 13. Bc2 b5 14. a3 Nb6 15. Bh4 Ne4 16. Bxe7 Qxe7 17. Bxe4 dxe4 18. Qh5 f6 19. Ng4 Rfd8 20. f5 Nd5 21. Nxd5 Bxd5 22. Rf4 a5 23. Nf2 b4 24. Rh4 h6 25. Ng4 Kf8 26. Nxh6 gxh6 27. Rg4 Bf7 28. Qxh6+ Ke8 29. axb4 axb4 30. Rxa8 Rxa8 31. Qh8+ Qf8 32. Qxf6 Kd7 33. Rxe4 c3 34. bxc3 bxc3 35. Qb6 Qb8 36. Qc5 Qb1+ 37. Kf2 Qxe4 38. Qxc3 Ra2+ 0-1

[Event "Titled Tuesday intern op 02nd Apr Early"]
[Site "Chess.com INT"]
[Date "2024.04.02"]
[Round "6"]
[White "Vlassov, Nikolai"]
[Black "Javakhadze, Zurab"]
[Result "1/2-1/2"]
[WhiteElo "2299"]
[BlackElo "2431"]
[PlyCount "95"]
[EventDate "2024.04.02"]
[EventType "swiss (blitz)"]
[EventRounds "11"]
[EventCountry "USA"]
[SourceTitle "CB15_2024"]
[SourceDate "2024.04.10"]
[SourceVersion "1"]
[SourceVersionDate "2024.04.10"]
[SourceQuality "1"]

1. e4 c5 2. c3 d5 3. exd5 Qxd5 4. d4 Nc6 5. Nf3 Nf6 6. Be3 Bg4 7. dxc5 Qxd1+ 8. Kxd1 0-0-0+ 9. Kc1 e5 10. Bb5 Bxf3 11. gxf3 Nd5 12. Bxc6 bxc6 13. b4 g6 14. Bd2 Bg7 15. a3 Rhe8 16. Re1 f5 17. Kc2 Rd7 18. c4 e4 19. Ra2 Nf6 20. Bc3 Rde7 21. fxe4 Rxe4 22. Rxe4 Rxe4 23. Bxf6 Bxf6 24. Kb3 Rh4 25. f3 Rh3 26. b5 Rxf3+ 27. Kb4 Bh4 28. Re2 f4 29. Re8+ Kd7 30. Rh8 Be1+ 31. Ka4 Re3 32. Rxh7+ Kd8 33. Rxa7 f3 34. Rf7 f2 35. b6 Re7 36. Rf8+ Re8 37. Rxe8+ Kxe8 38. b7 f1Q 39. b8Q+ Kf7 40. Qc7+ Kg8 41. Qd8+ Kh7 42. Qe7+ Kh6 43. Qe3+ Kh7 44. Qe7+ Kh6 45. Qe3+ Kg7 46. Qe7+ Kg8 47. Qe6+ Kh7 48. Qe7+ 1/2-1/2

[Event "Titled Tuesday intern op 13th Feb Early"]
[Site "Chess.com INT"]
[Date "2024.02.13"]
[Round "6"]
[White "Javakhadze, Zurab"]
[Black "Bluebaum, Matthias"]
[Result "0-1"]
[WhiteElo "2440"]
[BlackElo "2658"]
[PlyCount "62"]
[EventDate "2024.02.13"]
[EventType "swiss (blitz)"]
[EventRounds "11"]
[EventCountry "USA"]
[SourceTitle "CB08_2024"]
[SourceDate "2024.02.21"]
[SourceVersion "1"]
[SourceVersionDate "2024.02.21"]
[SourceQuality "1"]

1. Nf3 d5 2. g3 e6 3. Bg2 Nf6 4. 0-0 Bd6 5. c4 0-0 6. d4 Nc6 7. Bg5 h6 8. Bxf6 Qxf6 9. e3 dxc4 10. Nfd2 e5 11. d5 Na5 12. Qa4 b6 13. Nxc4 Nxc4 14. Qxc4 Qe7 15. Nc3 f5 16. Rfc1 a6 17. Rc2 Bd7 18. Rac1 b5 19. Qd3 Kh8 20. Nb1 f4 21. Nd2 f3 22. Bf1 Rae8 23. e4 Bg4 24. h3 Bh5 25. a3 Qg5 26. Nb3 Bg6 27. Nc5 h5 28. h4 Qg4 29. Re1 Bxc5 30. Rxc5 Qxg3+ 31. fxg3 f2+ 0-1

[Event "Titled Tuesday intern op 13th Feb Early"]
[Site "Chess.com INT"]
[Date "2024.02.13"]
[Round "4"]
[White "Niemann, Hans Moke"]
[Black "Javakhadze, Zurab"]
[Result "1-0"]
[WhiteElo "2675"]
[BlackElo "2440"]
[PlyCount "69"]
[EventDate "2024.02.13"]
[EventType "swiss (blitz)"]
[EventRounds "11"]
[EventCountry "USA"]
[SourceTitle "CB08_2024"]
[SourceDate "2024.02.21"]
[SourceVersion "1"]
[SourceVersionDate "2024.02.21"]
[SourceQuality "1"]

1. e4 c5 2. Nf3 d6 3. Bb5+ Bd7 4. c4 e5 5. Nc3 g6 6. d3 Bg7 7. Bg5 f6 8. Be3 Ne7 9. h4 h5 10. a3 0-0 11. b4 b6 12. Bxd7 Qxd7 13. 0-0 Nbc6 14. Qa4 Rad8 15. Rab1 Nd4 16. Bxd4 exd4 17. Qxd7 Rxd7 18. Nd5 Nxd5 19. exd5 Re8 20. Rfe1 Rde7 21. Rxe7 Rxe7 22. Kf1 Bh6 23. a4 Kf7 24. a5 g5 25. hxg5 fxg5 26. Nd2 g4 27. Ne4 Bf4 28. g3 Be5 29. bxc5 bxc5 30. a6 Rd7 31. Rb8 Kg6 32. Kg2 Rh7 33. Rb7 Rf7 34. Nd2 Kg7 35. Nb3 1-0

[Event "Titled Tuesday intern op 06th Feb Early"]
[Site "Chess.com INT"]
[Date "2024.02.06"]
[Round "5"]
[White "Acosta Villarroel, Lorner Justus"]
[Black "Javakhadze, Zurab"]
[Result "0-1"]
[WhiteElo "2168"]
[BlackElo "2440"]
[PlyCount "88"]
[EventDate "2024.02.06"]
[EventType "swiss (blitz)"]
[EventRounds "11"]
[EventCountry "USA"]
[SourceTitle "CB07_2024"]
[SourceDate "2024.02.14"]
[SourceVersion "1"]
[SourceVersionDate "2024.02.14"]
[SourceQuality "1"]

1. Nf3 b6 2. e3 Bb7 3. c4 g6 4. Be2 Bg7 5. 0-0 Nf6 6. Nc3 0-0 7. d4 e6 8. d5 exd5 9. cxd5 Re8 10. Re1 c5 11. Bc4 d6 12. e4 a6 13. a4 Nbd7 14. Bf4 Qc7 15. h3 Nh5 16. Bh2 Ne5 17. Nxe5 Bxe5 18. Qd2 Qe7 19. Bf1 Qf6 20. Bxe5 Rxe5 21. g3 Rae8 22. Bg2 R5e7 23. Kh2 Qd4 24. Rad1 Qb4 25. Qc2 Nf6 26. f3 Nxd5 27. Rd2 c4 28. Nxd5 Bxd5 29. Red1 Be6 30. Rxd6 Rc7 31. Qc3 Qxa4 32. Rxb6 Rc6 33. Rb7 Rcc8 34. Rb4 Qc6 35. Rd4 Qc5 36. Ra4 Rb8 37. Ra1 Rb3 38. Qd2 Qb6 39. Rc1 Rxb2 40. Qe3 Rb5 41. Qf2 Rb2 42. Rd2 Qxf2 43. Rxf2 Rxf2 44. Kg1 Rd2 0-1

[Event "Titled Tuesday intern op 06th Feb Early"]
[Site "Chess.com INT"]
[Date "2024.02.06"]
[Round "10"]
[White "Javakhadze, Zurab"]
[Black "Bagirova, Khatun"]
[Result "1-0"]
[WhiteElo "2440"]
[BlackElo "1737"]
[PlyCount "83"]
[EventDate "2024.02.06"]
[EventType "swiss (blitz)"]
[EventRounds "11"]
[EventCountry "USA"]
[SourceTitle "CB07_2024"]
[SourceDate "2024.02.14"]
[SourceVersion "1"]
[SourceVersionDate "2024.02.14"]
[SourceQuality "1"]

1. e4 e6 2. d4 d5 3. Nd2 c5 4. exd5 Qxd5 5. Ngf3 cxd4 6. Bc4 Qd6 7. 0-0 Nf6 8. Nb3 Nc6 9. Nbxd4 Nxd4 10. Nxd4 a6 11. c3 Qc7 12. Bb3 Be7 13. Qf3 0-0 14. Bf4 Bd6 15. Bxd6 Qxd6 16. Rad1 Qc7 17. Rfe1 Bd7 18. Qg3 Qxg3 19. hxg3 Rad8 20. f3 Bc8 21. Kf2 Rd7 22. Nc2 Rfd8 23. Rxd7 Rxd7 24. Ne3 Kf8 25. Rd1 Rxd1 26. Nxd1 Ke7 27. Ne3 Nd7 28. Bc2 h6 29. g4 Kd6 30. Nc4+ Kc5 31. Nd2 Kd6 32. Ne4+ Ke7 33. Ke3 Nf6 34. Nd2 Bd7 35. Kd4 Bc6 36. Nc4 Ne8 37. Na5 Kd6 38. Nc4+ Ke7 39. Kc5 Bd5 40. Na5 Kd7 41. Kb6 Kc8 42. c4 1-0

[Event "Titled Tuesday intern op 06th Feb Early"]
[Site "Chess.com INT"]
[Date "2024.02.06"]
[Round "11"]
[White "Martinez Pla, Xavier"]
[Black "Javakhadze, Zurab"]
[Result "0-1"]
[WhiteElo "2247"]
[BlackElo "2440"]
[PlyCount "132"]
[EventDate "2024.02.06"]
[EventType "swiss (blitz)"]
[EventRounds "11"]
[EventCountry "USA"]
[SourceTitle "CB07_2024"]
[SourceDate "2024.02.14"]
[SourceVersion "1"]
[SourceVersionDate "2024.02.14"]
[SourceQuality "1"]

1. e4 c5 2. Nf3 d6 3. Bb5+ Bd7 4. a4 Nf6 5. Nc3 g6 6. 0-0 Bg7 7. Re1 0-0 8. h3 Nc6 9. d4 cxd4 10. Nxd4 a6 11. Bf1 Rc8 12. Be3 Na5 13. Kh1 Nc4 14. Bxc4 Rxc4 15. Qd3 Qc7 16. Nb3 Rc8 17. Bd4 Be6 18. Rad1 Nh5 19. Bxg7 Kxg7 20. Nd4 Rxc3 21. bxc3 Qxc3 22. Qxc3 Rxc3 23. Rb1 Bc8 24. e5 Rc4 25. exd6 exd6 26. Re4 d5 27. Re8 Bd7 28. Rd8 Bxa4 29. Rxd5 Nf6 30. Rd8 b5 31. Rb2 Ne4 32. f3 Ng3+ 33. Kh2 Nf1+ 34. Kg1 Ne3 35. Rd6 h5 36. h4 Kf8 37. Nc6 Bxc2 38. Ne5 Ra4 39. Rd7 f6 40. Nxg6+ Ke8 41. Rd2 Bxg6 42. Re2 Ra3 43. Rbd2 Kf7 44. f4 Bf5 45. g4 Bxg4 46. Re1 Nc4 47. Rd4 Rg3+ 48. Kf2 Rf3+ 49. Kg2 Ne3+ 50. Kh2 Rf2+ 51. Kg1 Rg2+ 52. Kh1 Rg3 53. Kh2 Rh3+ 54. Kg1 Bf5 55. Rd7+ Bxd7 56. Kf2 Ng4+ 57. Kg2 Re3 58. Rd1 Bc6+ 59. Kg1 Re2 60. Rc1 Rg2+ 61. Kf1 Ne3+ 62. Ke1 Bf3 63. Rc7+ Kg6 64. f5+ Nxf5 65. Rg7+ Kxg7 66. Kf1 Ne3+ 0-1

[Event "Titled Tuesday intern op 16th Jan Early"]
[Site "Chess.com INT"]
[Date "2024.01.16"]
[Round "4"]
[White "Javakhadze, Zurab"]
[Black "Dwilewicz, Katarzyna"]
[Result "1-0"]
[WhiteElo "2440"]
[BlackElo "2129"]
[PlyCount "47"]
[EventDate "2024.01.16"]
[EventType "swiss (blitz)"]
[EventRounds "11"]
[EventCountry "USA"]
[SourceTitle "CB04_2024"]
[SourceDate "2023.10.16"]
[SourceVersion "1"]
[SourceVersionDate "2023.10.16"]
[SourceQuality "1"]

1. d4 d5 2. c4 dxc4 3. e3 e5 4. Bxc4 exd4 5. exd4 Nf6 6. Nc3 c6 7. Nf3 Bd6 8. 0-0 0-0 9. Bg5 h6 10. Bh4 Bf5 11. Ne5 Nbd7 12. Nxf7 Rxf7 13. Qb3 Bg6 14. Qxb7 Ne5 15. dxe5 Nd5 16. Qxf7+ Bxf7 17. Bxd8 Bxe5 18. Ba5 Kf8 19. Nxd5 cxd5 20. Bb4+ Kg8 21. Bd3 Bxb2 22. Rab1 Bf6 23. Rfc1 a5 24. Bd2 1-0

[Event "Titled Tuesday intern op 16th Jan Early"]
[Site "Chess.com INT"]
[Date "2024.01.16"]
[Round "6"]
[White "Mkrtchyan, Mikayel"]
[Black "Javakhadze, Zurab"]
[Result "0-1"]
[WhiteElo "2071"]
[BlackElo "2440"]
[PlyCount "56"]
[EventDate "2024.01.16"]
[EventType "swiss (blitz)"]
[EventRounds "11"]
[EventCountry "USA"]
[SourceTitle "CB04_2024"]
[SourceDate "2023.10.16"]
[SourceVersion "1"]
[SourceVersionDate "2023.10.16"]
[SourceQuality "1"]

1. Nf3 d5 2. d4 Nf6 3. g3 c6 4. Bg2 Bf5 5. 0-0 h6 6. b3 e6 7. c4 Nbd7 8. Nc3 Bd6 9. Re1 0-0 10. Bb2 Ne4 11. Nd2 Nxd2 12. Qxd2 Bh7 13. e4 dxc4 14. bxc4 e5 15. d5 Rc8 16. Bh3 Rc7 17. dxc6 Rxc6 18. Nb5 Nb6 19. Nxa7 Rxc4 20. Rad1 Bc7 21. Qe3 Qe8 22. Qb3 Bxe4 23. Nb5 Bc2 24. Qe3 Qxb5 25. Ba3 Ra8 26. Rc1 Nd5 27. Qd2 Ba5 28. Qe2 Bxe1 0-1

[Event "Titled Tuesday intern op 09th Jan Early"]
[Site "Chess.com INT"]
[Date "2024.01.09"]
[Round "6"]
[White "Blahynka, Martin"]
[Black "Javakhadze, Zurab"]
[Result "0-1"]
[WhiteElo "2383"]
[BlackElo "2440"]
[PlyCount "82"]
[EventDate "2024.01.09"]
[EventType "swiss (blitz)"]
[EventRounds "11"]
[EventCountry "USA"]
[SourceTitle "CB03_2024"]
[SourceDate "2024.01.17"]
[SourceVersion "1"]
[SourceVersionDate "2024.01.17"]
[SourceQuality "1"]

1. b3 Nf6 2. Bb2 e6 3. Nf3 Be7 4. g3 0-0 5. Bg2 d5 6. 0-0 c5 7. d4 Nc6 8. e3 b6 9. c4 Ba6 10. Na3 cxd4 11. Nxd4 Nxd4 12. Qxd4 Rc8 13. Nb5 Bxb5 14. cxb5 Ne8 15. Qa4 Nd6 16. Rac1 Qd7 17. Ba3 Nf5 18. Rc6 Bxa3 19. Qxa3 Ne7 20. Rcc1 Rxc1 21. Rxc1 Rc8 22. Bf1 Rxc1 23. Qxc1 Qc8 24. Qxc8+ Nxc8 25. f3 Kf8 26. Kf2 Ke7 27. e4 dxe4 28. fxe4 Kd6 29. Ke3 Ke5 30. Bd3 Nd6 31. a4 f5 32. exf5 exf5 33. h4 g6 34. Be2 h6 35. Kf3 g5 36. hxg5 hxg5 37. Bd3 Kd4 38. Bc2 Kc3 39. Bd1 Kd2 40. Be2 g4+ 41. Kf4 Kxe2 0-1

[Event "Titled Tuesday intern op 09th Jan Early"]
[Site "Chess.com INT"]
[Date "2024.01.09"]
[Round "8"]
[White "Erzhanov, Arman"]
[Black "Javakhadze, Zurab"]
[Result "1-0"]
[WhiteElo "2156"]
[BlackElo "2440"]
[PlyCount "83"]
[EventDate "2024.01.09"]
[EventType "swiss (blitz)"]
[EventRounds "11"]
[EventCountry "USA"]
[SourceTitle "CB03_2024"]
[SourceDate "2024.01.17"]
[SourceVersion "1"]
[SourceVersionDate "2024.01.17"]
[SourceQuality "1"]

1. e4 c5 2. Nf3 d6 3. d4 cxd4 4. Qxd4 Nf6 5. Be2 a6 6. h3 Nc6 7. Qe3 g6 8. 0-0 Bg7 9. Rd1 Qc7 10. c4 0-0 11. Nc3 Be6 12. Rb1 Rfc8 13. b3 Nd7 14. Bb2 Qb6 15. Qd2 Nc5 16. Ng5 Bd7 17. Nd5 Qd8 18. Bxg7 Kxg7 19. Qf4 f6 20. Nf3 Ne5 21. Nxe5 fxe5 22. Qh4 e6 23. Qxd8 Rxd8 24. Nb6 Rab8 25. Rxd6 Bc6 26. Rbd1 Rxd6 27. Rxd6 Nxe4 28. Rxe6 Rd8 29. Rxe5 Kf6 30. f4 Nc3 31. Bf3 Bxf3 32. gxf3 Rd1+ 33. Kf2 Rd2+ 34. Ke3 Rxa2 35. Kd3 Nd1 36. Nd5+ Kf7 37. Re7+ Kf8 38. Rxb7 Nf2+ 39. Kd4 h5 40. c5 Rc2 41. Nc3 Nxh3 42. Kd3 1-0

[Event "Titled Tuesday intern op 09th Jan Early"]
[Site "Chess.com INT"]
[Date "2024.01.09"]
[Round "2"]
[White "Javakhadze, Zurab"]
[Black "Ghosh, Chanchal Kumer"]
[Result "1-0"]
[WhiteElo "2440"]
[BlackElo "2026"]
[PlyCount "85"]
[EventDate "2024.01.09"]
[EventType "swiss (blitz)"]
[EventRounds "11"]
[EventCountry "USA"]
[SourceTitle "CB03_2024"]
[SourceDate "2024.01.17"]
[SourceVersion "1"]
[SourceVersionDate "2024.01.17"]
[SourceQuality "1"]

1. Nf3 d5 2. g3 e6 3. Bg2 Nf6 4. 0-0 c5 5. d4 Nc6 6. c4 cxd4 7. Nxd4 e5 8. Nxc6 bxc6 9. Nc3 Be6 10. Bg5 Be7 11. Bxf6 Bxf6 12. cxd5 cxd5 13. Nxd5 0-0 14. Nxf6+ Qxf6 15. Bxa8 Rxa8 16. f3 g6 17. e4 Rb8 18. Qe2 h5 19. b3 Bh3 20. Rfd1 Kg7 21. Rd3 Rc8 22. Rad1 Qb6+ 23. Qf2 Qa6 24. R3d2 Rc3 25. f4 Bg4 26. Rf1 Rf3 27. Qe1 exf4 28. Rxf3 Bxf3 29. gxf4 Qb6+ 30. Rf2 Qd4 31. Qd2 Qxe4 32. Qc3+ Kh7 33. Qxf3 Qb1+ 34. Kg2 Qf5 35. h3 a5 36. Qe3 Qd5+ 37. Kh2 h4 38. f5 Qd6+ 39. Qf4 Qe7 40. fxg6+ fxg6 41. Qf7+ Qxf7 42. Rxf7+ Kh6 43. Ra7 1-0